[Event "ARG-ch"]
[Site "Argentina"]
[Date "1995.??.??"]
[Round "1"]
[White "Gomez Baillo, Jorge H"]
[Black "Servat, Roberto"]
[Result "0-1"]
[WhiteElo "2420"]
[BlackElo "2450"]
[Annotator "Blatny,P"]
[PlyCount "44"]
[EventDate "1995.??.??"]
[EventType "tourn"]
[EventRounds "15"]
[EventCountry "ARG"]
[EventCategory "9"]
[SourceTitle "CBM 049"]
[Source "ChessBase"]
[SourceDate "1995.12.01"]
[SourceVersion "1"]
[SourceVersionDate "1995.12.01"]
[SourceQuality "1"]

1. e4 e5 2. Nf3 Nc6 3. d4 exd4 4. c3 dxc3 5. Nxc3 d6 6. Bc4 Nf6 7. Qb3 Qd7 8.
Ng5 (8. Nd5 Na5 9. Nxf6+ gxf6 10. Qc3 Nxc4 11. Qxc4 Rg8 12. Bf4 Qg4 13. Bg3 f5
$17 {Ezsol,M-Horvath,Is/HUN-chT2 9293 (03) ;TD 93\10/1993/}) (8. Qc2 Ne5 9.
Nxe5 dxe5 10. O-O Bc5 11. Bg5 c6 12. h3 Qe7 13. a3 O-O 14. b4 Bd4 $17 {Zabala,
PJ-Perez Pardo,J/ESP-chT ;TD 93\10/1993/}) 8... Ne5 9. Bb5 c6 10. f4 cxb5 (
10... h6 11. fxe5 hxg5 12. exf6 cxb5 13. O-O gxf6 14. Nd5 Bg7 15. Nxf6+ Bxf6
16. Rxf6 $40 {Svatos,J-Jerabek,P/CZE-ch (09) ;TD 93\10/1993/}) (10... Neg4 $5
11. Be2 h6 12. Nf3 d5 13. e5 Ne4 14. Nd4 Qd8 15. Nxe4 dxe4 16. Be3 Bb4+ $1 17.
Kf1 Nxe3+ 18. Qxe3 Bc5 $17 {Pirrot,D-Blatny,P/Baden Baden ;TD 88\04/1988/}) 11.
fxe5 dxe5 (11... Ng4 12. e6 fxe6 13. Nxb5 a6 14. Qxe6+ Qxe6 15. Nc7+ Kd8 16.
Ngxe6+ Bxe6 17. Nxa8 $18 {Reides,M-Servat,R/ARG-ch (01) ;TD 94\03/1994/}) 12.
Be3 a5 (12... Bd6 13. Nxb5 O-O 14. Rd1 Ne8 15. Nxd6 Nxd6 16. Bc5 Qg4 17. Bxd6
Qxg5 18. Bxf8 Qxg2 19. Qg3 $1 Qxe4+ $8 20. Kf2 Qc2+ $6 (20... Qf5+ $142) 21.
Ke3 Kxf8 22. Qxe5 $18 {Fortes,F-Seba,K/WchJM U18 Bratislava (03) ;TD 93\05/
1993/}) 13. a3 (13. O-O a4 14. Qxb5 Bd6 15. Rad1 Qxb5 16. Nxb5 Bb8 17. Bc5 h6
18. Nf3 Nxe4 $19 {Visser,Y-Ibragimov,I/Groningen op (04) ;EXP 26/1991/}) (13.
Rd1 a4 14. Qc2 Qc6 15. O-O Be7 $19 {Barczay,L-Halasz,T/Lillafured ;TD 89\11/
1989/}) 13... a4 14. Qxb5 Be7 (14... Qxb5 15. Nxb5 Ra5 16. Nc7+ Ke7 17. Bb6 $16
) 15. h3 O-O $17 16. Qxe5 $6 Bd6 17. Qd4 Bg3+ 18. Ke2 Qe7 19. Nf3 b6 20. Bg5 $6
(20. Nxa4 Ba6+ 21. Kd2 Nxe4+ $40) 20... Ba6+ 21. Ke3 Rfd8 $19 22. Bxf6 Qxf6 (
22... Qxf6 23. Qxf6 Rd3+ 24. Ke2 Rxc3+ 25. Kd2 Rd3+ 26. Kc1 gxf6 $19) 0-1

[Event "EU-Cup 25th"]
[Site "Ohrid"]
[Date "2009.10.08"]
[Round "5.3"]
[White "Bologan, Viktor"]
[Black "Hauchard, Arnaud"]
[Result "1-0"]
[WhiteElo "2688"]
[BlackElo "2527"]
[Annotator "Bologan,V"]
[PlyCount "109"]
[EventDate "2009.10.04"]
[EventType "team-swiss"]
[EventRounds "7"]
[EventCountry "MKD"]
[SourceTitle "CBM 133"]
[Source "ChessBase"]
[SourceDate "2009.11.19"]
[SourceVersion "1"]
[SourceVersionDate "2009.11.19"]
[SourceQuality "1"]
[WhiteTeam "Tomsk 400"]
[BlackTeam "Evry Grand Roque"]
[WhiteTeamCountry "RUS"]
[BlackTeamCountry "FRA"]

1. e4 d6 2. d4 Nf6 3. Bd3 {White wants to have positional play which will be
helped by the supporting of the centre with c3.} e5 4. c3 Nc6 ({Another
reaction is} 4... d5 {which allows Black from the very beginning to start the
fight for the centre.} 5. dxe5 Nxe4 (5... dxe4 6. Bb5+ c6 7. Qxd8+ Kxd8 8. exf6
cxb5 9. Bg5 Kc7 10. Nd2 gxf6 {Capellades Subirana M - Kunin V, 2009 XI Sants
Open and now according Rybka better is} 11. Bf4+ Kb6 12. Nxe4 $14) 6. Nf3 Nc6
7. Nbd2 Nc5 8. Bb1 Bg4 9. O-O Be7 10. b4 Ne6 11. h3 Bh5 12. Re1 O-O 13. Nb3 $14
) (4... c6 {was recently played by Akobian} 5. Nf3 Qc7 6. O-O Be7 7. h3 O-O 8.
a4 Nbd7 9. Nbd2 b6 10. Re1 Bb7 11. Qc2 a6 12. Nf1 b5 13. Ng3 Rfe8 14. b3 Bf8
15. Bb2 {Stopa Ja - Akobian V, 2009 World Open. The game transposed to one of
the lines in the Breier system with a slight advantage for White.}) 5. Nf3 Be7
{A modest aproach after which White gets a comfortable development of his
pieces with an easy control over the centre.} ({More popular is} 5... g6 6. O-O
Bg7 7. Re1 O-O 8. h3 Nh5 9. Be3 h6 10. Na3 Nf4 11. Bxf4 exf4 12. b4 g5 13. Nc4
Ne7 14. e5 d5 15. Ncd2 $14 {Iordachescu V - Mohannad F, 2009 11th Dubai Open})
(5... Bg4 6. d5 Nb8 7. h3 Bc8 8. c4 Be7 9. Nc3 Nbd7 10. Be3 O-O 11. b4 Nh5 12.
Ne2 g6 13. g4 Ng7 14. Ng3 Nf6 15. Rg1 c6 16. a3 Kh8 17. Rc1 Bd7 18. Ke2 Rc8 $13
{Fluvia Poyatos Jor - Peralta Fe, 2009 XXXII Open}) 6. h3 O-O 7. O-O Nd7 {
There is a whole line with this manoeuvre in the Ruy Lopez, but the fact that
here the moves a6 and b5 are not included is working against Black.} 8. Na3 Bf6
9. Nc2 {A possible setup in the line with Bd3 and c3. From here the knight can
move to e3 and d5, or simply to protect the d4-pawn. One more plus is that in
the event of exd4, cxd4 the b4-square will be protected.} Re8 10. Re1 Nf8 11.
a4 Ng6 12. a5 {While Black was busy with the improvement of the position of
his knight, White took some space advantage on the queenside.} Nh4 $1 {When
the opponent controls the centre and has got a space advantage it is always
useful for the defender part to swap some pieces:} 13. Nxh4 Bxh4 14. a6 exd4 {
Actually my main problem in this game was the wide choice of good
continuations. For example now I could also take on d4 first.} 15. axb7 (15.
cxd4 bxa6 (15... b6 16. d5 Ne5 17. Nd4 Qf6 18. Be3 $14) 16. Bxa6 Bf6 17. b4 $14
) 15... Bxb7 16. cxd4 Bf6 17. Bb5 {Later in the game I regretted this move
because he managed to bring his knight to b5 with tempo after ...a6. But maybe
the move Bb5 itself is not so bad.} a6 18. Ba4 Re7 19. Bf4 (19. d5 {maybe it
was time for} Na7 20. Qd3 Nb5 21. Nb4 $14 {exploiting the weak c6-square.} (21.
Bxb5 {?!} axb5 22. Rxa8 Qxa8 23. Qxb5 c6 $1)) 19... g6 20. Qd2 Na7 $1 {Black
wants to have both an attack on the e-pawn by opening the b7-bishop and a good
square for the knight.} 21. f3 Nb5 22. Rad1 Re8 23. Bh6 {The beginning of the
black square strategy which finally led to a win.} c5 $5 {A sharp and
interesting move which I considered as very bad in the beginning.} 24. dxc5
dxc5 25. Qf4 Qe7 26. Bxb5 ({Here I had prepared} 26. Rd7 {with the idea on Qd7
simply to give a mate after Qf6, but I missed} Bd4+ $1 {the only move; after}
27. Nxd4 Qxd7 28. Rd1 $1 {I could get a similar pawn up as it happened in the
game.} (28. Qf6 {?} Qxd4+) 28... Qe7 29. Nf5 Qe5 30. Qg5 Nd4 31. Nxd4 cxd4 32.
Bxe8 Rxe8 33. Qxe5 Rxe5 34. Rxd4 $16) 26... axb5 27. Rd7 $1 Bd4+ $1 28. Nxd4
Qxd7 29. Nxb5 {White is an exchange down, but still he is better especially
since the best Black can do is to give the pawn back.} Ra6 ({Much more
resistant would be} 29... f5 {after which White holds the knight better by
playing} 30. Nd6 Re6 31. e5 {with strong compensation.}) 30. Nc7 Qd4+ 31. Qe3
Rb8 32. Nxa6 Bxa6 33. Ra1 {An open file is an open file!} Bc4 34. Ra4 $1 {
Small tactics often helps to realise the advantage.} Qxe3+ (34... Qd1+ 35. Kh2
Qxa4 36. Qf4 $1 {and Black can not both defend the rook and defend against the
mating threats.}) 35. Bxe3 Bb3 36. Ra7 c4 {Another problem for Black is the
bad bishop on b3.} 37. Bh6 $18 {I think here the game is over as the black
rook can not leave the 8th rank while the white king will slowly approach
together with the kingside pawns.} Re8 38. e5 Bc2 39. g4 Bd3 40. Kf2 Rb8 41.
Ke3 Bf1 42. h4 Re8 43. Kf4 Be2 44. Rc7 Bd3 45. Rc5 Be2 46. Ke3 Bf1 47. f4 f6
48. Kf2 Bd3 49. exf6 Kf7 50. Bg7 Re2+ 51. Kf3 Ke6 52. f5+ gxf5 53. gxf5+ Kd6
54. Bf8+ Kd7 55. f7 1-0

[Event "Winterthur-B"]
[Site "Winterthur"]
[Date "1996.??.??"]
[Round "2"]
[White "Maric, Alisa"]
[Black "Belotti, Bruno"]
[Result "1/2-1/2"]
[WhiteElo "2460"]
[BlackElo "2400"]
[Annotator "Bulletin"]
[PlyCount "51"]
[EventDate "1996.09.??"]
[EventType "tourn"]
[EventRounds "11"]
[EventCountry "SUI"]
[EventCategory "4"]
[SourceTitle "CBM 054 Extra"]
[Source "ChessBase"]
[SourceDate "1996.11.01"]
[SourceVersion "1"]
[SourceVersionDate "1996.11.01"]
[SourceQuality "1"]

1. Nf3 d6 2. d4 Bg4 3. e4 Nf6 4. Bd3 {4.Nc3 is more often played.} Nc6 5. c3 e5
6. d5 Ne7 7. O-O {Maybe it was more accurate to delay castling.} (7. h3 Bd7 8.
c4 {gives White more options.}) 7... c6 {7...Ng6 allows White to exchange off
the bad bishop by 8.Bb5+.} 8. c4 Ng6 9. h3 Bd7 10. Qb3 Qc8 11. dxc6 bxc6 12. c5
Rb8 (12... dxc5 13. Bc4 Be6 14. Bxe6 Qxe6 15. Qxe6+ fxe6 16. Nc3 {leaves Black
with a dreadful pawnstructure.}) (12... d5 {is the critical move, intending 13.
ed5 e4! 14.Te1 cd. White should probably play a speculative piece sacrifice,
such as 14.Be4 or 14.d6.}) 13. Qc3 {[#]I felt that a normal continuation such
as 10.Nc3 would not give very much.} Bxh3 $5 (13... Nh5 14. Rd1 Nhf4 15. Bf1
Qc7 16. cxd6 Bxd6 17. Be3 {is good for White.}) 14. gxh3 Qxh3 15. Bc2 (15. Ng5
Qg4+ 16. Kh1 (16. Kh2 Nf4) 16... h6 {wins.}) (15. Nbd2 {Black probably has
more than a draw by} Nf4 16. Ne1 Qg4+ {as 16.Ng4 is met by 17.Ndf3 followed by
Bf4}) 15... Ng4 {Now there is no defence against Nf4, so White must go on the
offensive.} 16. cxd6 (16. Ba4 $2 Be7 17. Bxc6+ Kf8 18. cxd6 Nh4 19. dxe7+ Kg8)
(16. Bb3 $2 d5) 16... Bxd6 17. Qxc6+ Ke7 18. Rd1 Rhd8 (18... Rb6 {looks very
dangerous as after 19.Qc3 intenting Be3, Black has 19...Rc8. And after19.Qa4
Ra8 20.Rd6 Rd6 21.Qb3 (threatening Qf7) f6 22.Be4 with extreme complications.})
19. Rxd6 Rxd6 20. Qc7+ Rd7 21. Qxb8 Qxf3 22. Bg5+ {[#] He overlooked Bg5 as
now Black is forced to play 22...f6 which takes a flight square away from his
king.} f6 23. Qb4+ Kd8 24. Qb8+ Ke7 25. Qb4+ Kd8 26. Qb8+ 1/2-1/2

[Event "Cannes op"]
[Site "Cannes"]
[Date "1993.??.??"]
[Round "5"]
[White "Seret, Jean Luc"]
[Black "Loeffler, Stefan"]
[Result "1-0"]
[WhiteElo "2440"]
[BlackElo "2365"]
[Annotator "Bulletin"]
[PlyCount "81"]
[EventDate "1993.02.??"]
[EventType "swiss"]
[EventRounds "9"]
[EventCountry "FRA"]
[SourceTitle "CBM 038"]
[Source "ChessBase"]
[SourceDate "1994.02.01"]
[SourceVersion "1"]
[SourceVersionDate "1994.02.01"]
[SourceQuality "1"]

1. e4 e5 2. Nf3 Nc6 3. Be2 Nf6 4. d3 d5 5. Nbd2 a5 6. O-O g6 7. b3 d4 8. a3 Bg7
9. Bb2 O-O 10. c3 Nh5 11. cxd4 exd4 12. Re1 Nf4 13. Bf1 g5 14. h3 f5 15. g3
fxe4 16. Nxe4 Nxh3+ 17. Bxh3 g4 18. Bg2 gxf3 19. Bxf3 Rxf3 20. Qxf3 Ne5 21. Qh1
Ra6 22. Nc5 Rh6 23. Qg2 b6 24. Rxe5 Bxe5 25. Re1 Rh5 26. Qf3 Rf5 27. Qg4+ Kf8
28. Ne4 Bg7 (28... Rxf2 29. Qh5 Rf5 30. Qxh7 Qd5 31. Bc1 Rf7 32. Bh6+ Ke7 $10)
29. Bc1 Qd5 30. Qh4 Bb7 (30... Kg8) 31. Qxh7 Rh5 32. Qg6 Qf5 33. Qxf5+ Rxf5 34.
Bf4 Be5 35. Bh6+ Kg8 36. f4 Bd6 37. Ng5 Bc6 (37... Bxa3 38. Re8+ Bf8 39. Ne6 (
39. Rd8 Rf6 (39... c5 40. Ne6 $18) 40. Bxf8 Rxf8 41. Rxd4 $16) 39... Kf7 $1 $10
) 38. Re6 Rc5 $4 (38... Kh8 $1 39. Rg6 Be8) 39. Rg6+ Kh8 40. Nf7+ Kh7 41. Rg7#
1-0

[Event "RUS-chT 05th"]
[Site "Maikop"]
[Date "1998.06.05"]
[Round "3"]
[White "Poluljahov, Aleksandr"]
[Black "Glyanets, Alexander R"]
[Result "1-0"]
[WhiteElo "2505"]
[BlackElo "2455"]
[Annotator "ChessBase"]
[PlyCount "65"]
[EventDate "1998.06.03"]
[EventType "team-tourn"]
[EventRounds "11"]
[EventCountry "RUS"]
[SourceTitle "CBM 066"]
[Source "ChessBase"]
[SourceDate "1998.09.30"]
[SourceVersion "1"]
[SourceVersionDate "1998.09.30"]
[SourceQuality "1"]
[WhiteTeam "Maykop Universitet"]
[BlackTeam "Ekaterinburg Agat"]
[WhiteTeamCountry "RUS"]
[BlackTeamCountry "RUS"]

1. d4 d6 2. e4 Nf6 3. Bd3 e5 4. c3 Nc6 5. Nf3 Be7 6. O-O O-O 7. h3 exd4 8. cxd4
Nb4 9. Nc3 Nxd3 10. Qxd3 c5 11. Re1 a6 12. a4 b6 13. Bf4 Bb7 14. Rad1 Re8 15.
Qc2 Qc8 16. d5 Bf8 17. e5 dxe5 18. Bxe5 $14 Nd7 19. Bg3 (19. Ng5 g6 20. Bf4) (
19. Bf4) 19... h6 20. Rxe8 Qxe8 21. Bc7 Qc8 22. d6 Bc6 23. Nh4 (23. Nd5) (23.
Qf5) 23... Qb7 24. Rd3 (24. Qe2 b5 25. axb5 axb5 26. Qg4 Nf6 27. Qg3 b4 $15)
24... Re8 25. Rg3 b5 26. axb5 axb5 27. Nf5 Kh8 28. Nxh6 $6 gxh6 29. Qf5 Bg7 30.
Qxf7 Rg8 31. Bd8 Ne5 (31... Qa8) 32. Qh5 (32. Qxg8+ Kxg8 33. Bf6 Nf7 34. Bxg7
Kh7 $19) 32... Qd7 $4 (32... Rxd8 $19) 33. Bf6 $1 $18 1-0

[Event "EU-chT (Men) 09th"]
[Site "Haifa"]
[Date "1989.??.??"]
[Round "2.3"]
[White "Hector, Jonny"]
[Black "Marin, Mihail"]
[Result "1/2-1/2"]
[WhiteElo "2500"]
[BlackElo "2475"]
[Annotator "ChessBase"]
[PlyCount "89"]
[EventDate "1989.11.23"]
[EventType "team-swiss"]
[EventRounds "9"]
[EventCountry "ISR"]
[SourceTitle "EU-chT"]
[Source "ChessBase"]
[SourceDate "1999.07.01"]
[SourceVersion "2"]
[SourceVersionDate "1999.07.01"]
[SourceQuality "1"]
[WhiteTeam "Sweden"]
[BlackTeam "Romania"]
[WhiteTeamCountry "SWE"]
[BlackTeamCountry "ROU"]

1. e4 e5 2. Nf3 Nc6 3. c3 Nf6 4. d4 Nxe4 5. d5 Ne7 6. Nxe5 Ng6 7. Nxg6 (7. Qd4
Qe7 (7... Qf6 8. Qxe4 Qxe5 9. Qxe5+ Nxe5 10. Bf4 d6 $10 {Dueckstein-Larsen,Le
Havre 1966}) 8. Qxe4 Qxe5 9. Qxe5+ {Lukin-Bandza} (9. Nd2 {Hickl-Hjartarson}))
(7. Bd3 Nxe5 $1 (7... Nxf2 8. Bxg6 $1 Nxd1 9. Bxf7+ Ke7 10. Bg5+ Kd6 11. Nc4+
Kc5 12. Nba3 $18) (7... Nc5 8. Bxg6 hxg6 9. Be3 $14 {Minev-Barcza,Zagreb 1955})
8. Bxe4 Bc5 $10) 7... hxg6 8. Qe2 Qe7 9. Bf4 {N} (9. Be3 Rh5 $10 {
Liebert-Minev,Berlin 1962}) (9. Na3 Nf6 {Dreev-Akopian}) 9... d6 (9... c6 $5)
10. Na3 Rh4 (10... Nf6 $10) 11. g3 Rh5 12. O-O-O Nf6 13. Re1 (13. c4 Bh3) (13.
Qb5+ c6) (13. Qc4 Bg4) 13... Rxd5 $6 (13... Qxe2 14. Bxe2 Rh8 $10) 14. Bg2 Qxe2
(14... Rc5 15. Qf3 Be6 16. Qxb7 $16) 15. Rxe2+ Be6 16. Bxd5 Nxd5 17. Bg5 $14
Kd7 18. Rhe1 Bg4 $5 (18... Bf5 {/\ f6, g5}) 19. f3 Bf5 (19... Bxf3 20. Rf2 $16)
20. g4 {><f4} (20. Nc4 f6 {/\ g5}) 20... f6 $1 21. Bh4 (21. Bxf6 Nxf6 22. gxf5
gxf5 $44) (21. gxf5 fxg5 22. fxg6 Nf4 23. Rd2 Be7 $44) (21. Be3 $1 Bd3 22. Rd2
Nxe3 23. Rxe3 (23. Rxd3 Ng2 $44) 23... Ba6 24. Nc2 $14) 21... g5 22. gxf5 (22.
Bxg5 Bxg4 23. fxg4 fxg5 {/\ Nf4-g6, Be7-f6~/=}) 22... gxh4 23. Nc2 (23. Re4 Ne7
24. Rf4 $2 g5 $1 $15) 23... Nf4 24. Rd2 g6 25. Kd1 (25. fxg6 Bh6 {/\ Rg8~/=})
25... Bh6 26. Ne3 Bg5 27. Nd5 (27. fxg6 Nxg6) 27... Nxd5 28. Rxd5 c6 $13 29.
Rd3 (29. Rd4 gxf5 30. f4 Bh6 {/\ c5 ><f4}) 29... gxf5 30. Rf1 Rg8 (30... f4 $2
{ץg5}) 31. f4 Bh6 32. c4 Rg2 33. Rd2 Rg7 34. Re2 Rg4 35. Ref2 a6 36. Kd2 b5
37. b3 Kc7 38. Ke3 Kb6 39. Rd1 bxc4 40. bxc4 (40. Rxd6 $2 Bf8 {/\ Bc5-/+})
40... Kc5 41. Rd3 {/\ Ra3} a5 $1 42. Ra3 Kb4 43. Rd3 (43. Rb3+ Kxc4 44. Rb8 Rg7
{/\ Re7}) 43... Kc5 44. Ra3 Kb4 45. Rd3 1/2-1/2

[Event "Lone Pine op Louis D. Statham Masters"]
[Site "Lone Pine"]
[Date "1979.03.29"]
[Round "5"]
[White "Whitehead, Paul A"]
[Black "Van Riemsdijk, Herman Claudius"]
[Result "0-1"]
[WhiteElo "2365"]
[BlackElo "2390"]
[Annotator "ChessBase"]
[PlyCount "88"]
[EventDate "1979.03.25"]
[EventType "swiss"]
[EventRounds "9"]
[EventCountry "USA"]
[SourceTitle "MCL"]
[Source "ChessBase"]
[SourceDate "1999.07.01"]
[SourceVersion "1"]
[SourceVersionDate "1999.07.01"]
[SourceQuality "1"]

1. e4 e5 2. Nf3 Nc6 3. d4 exd4 4. c3 d3 5. Bxd3 d6 6. h3 Be7 7. O-O Bf6 8. Be3
Nge7 9. Nbd2 O-O 10. Nd4 Re8 11. Nxc6 bxc6 12. Qc2 a5 13. Rae1 Ba6 14. Bxa6
Rxa6 15. f4 Ra8 16. g4 h6 17. Re2 a4 18. Nf3 Ng6 19. Bc1 Qb8 20. e5 dxe5 21.
fxe5 Nxe5 22. Nd4 Ng6 23. Ref2 Bxd4 24. cxd4 Re7 25. Qxc6 Qe8 26. Qc4 Rd8 27.
Bd2 Nf8 28. Bb4 Red7 29. Bxf8 Qxf8 30. Qxa4 Rxd4 31. Qb3 R8d7 32. Re1 Rd3 33.
Qb5 g6 34. Qc6 Qd8 35. Rf6 Kg7 36. Ref1 Rxh3 37. Kg2 Rhd3 38. a4 R3d4 39. a5
Rxg4+ 40. Kh1 Rgd4 41. Qf3 Qe8 42. a6 Rd3 43. Qc6 Qe5 44. R6f3 Rd2 $17 {time}
0-1

[Event "Winterthur"]
[Site "Winterthur"]
[Date "1996.??.??"]
[Round "8"]
[White "Forster, Richard"]
[Black "Van der Sterren, Paul"]
[Result "0-1"]
[WhiteElo "2320"]
[BlackElo "2510"]
[Annotator "Endgame-CD"]
[PlyCount "120"]
[EventDate "1996.09.??"]
[EventType "tourn"]
[EventRounds "11"]
[EventCountry "SUI"]
[EventCategory "9"]
[SourceTitle "CBM 055"]
[Source "ChessBase"]
[SourceDate "1996.12.01"]
[SourceVersion "1"]
[SourceVersionDate "1996.12.01"]
[SourceQuality "1"]

1. e4 e5 2. Nf3 Nc6 3. d4 exd4 4. c3 d5 5. exd5 Qxd5 6. cxd4 Nf6 7. Be2 Bb4+ 8.
Nc3 O-O 9. O-O Qa5 10. Bd2 Bg4 11. a3 Bxc3 12. bxc3 Ne4 13. h3 Bh5 14. g4 Bg6
15. Qb3 Nxd2 16. Nxd2 Nxd4 17. cxd4 Qxd2 18. Bf3 Qxd4 19. Qxb7 Rac8 20. a4 a5
21. Qc6 f5 22. Rac1 Kh8 23. Rc4 Qb2 24. Rc2 Qb4 25. Rc4 Qe7 26. Qc5 Qf6 27. Qc6
fxg4 28. Qxf6 gxf6 29. Bxg4 Bd3 30. Rc5 Rg8 31. Rd1 Be2 32. Rd7 f5 33. Rxf5
Rxg4+ 34. hxg4 Bxg4 35. Rdd5 Bxf5 36. Rxf5 c5 37. Kf1 Kg7 38. Ke2 Kg6 39. Rd5
h5 40. Kd3 h4 41. f4 Rh8 42. Rxc5 h3 43. Rg5+ Kf6 44. Rg1 h2 45. Rh1 Kf5 46.
Ke3 Rh4 47. Kf3 Rxf4+ 48. Kg3 Rxa4 49. Rf1+ Ke5 50. Kxh2 Rb4 $19 51. Rd1 a4 52.
Kg2 Ke4 53. Kf1 a3 54. Ra1 Rb3 (54... Ra4 $4 55. Ke2 $19) 55. Ke1 (55. Ke2 Rb2+
$4) 55... Kd3 56. Kd1 Kc3 57. Kc1 Kb4 58. Rb1 a2 (58... Rxb1+ 59. Kxb1) 59. Ra1
Ka3 60. Kc2 Rb2+ 0-1

[Event "Interpolis-03"]
[Site "Tilburg"]
[Date "1979.11.06"]
[Round "5"]
[White "Sax, Gyula"]
[Black "Romanishin, Oleg M"]
[Result "1/2-1/2"]
[WhiteElo "2590"]
[BlackElo "2560"]
[Annotator "Ftacnik,L"]
[PlyCount "63"]
[EventDate "1979.11.01"]
[EventType "tourn"]
[EventRounds "11"]
[EventCountry "NED"]
[EventCategory "15"]
[SourceTitle "MCL"]
[Source "ChessBase"]
[SourceDate "1999.07.01"]
[SourceVersion "1"]
[SourceVersionDate "1999.07.01"]
[SourceQuality "1"]

1. e4 e5 2. Nf3 Nc6 3. c3 Be7 (3... f5 4. d4 (4. exf5 Qf6 $132) 4... fxe4 (4...
exd4 5. exf5 $1) 5. Nxe5 Qf6 (5... Nf6 6. Bg5 Qe7 $10) 6. Ng4 (6. Nc4 {
Estrin-Spassky/Riga/1951}) 6... Qg6 7. d5 Nd8 8. Be2 Bc5 $10) (3... Nge7 4. d4
(4. Bc4 Ng6 5. d4 $14) 4... exd4 5. cxd4 {Krnic-Ciocaltea/Nis/1981} (5. Bc4 {
Tartakover-Reti/Lodz/1930})) (3... d6 {Hebden-Smyslov/London/19Я9}) (3... Qf6 {
Marie-Ramirez/Dubai olw/1986}) (3... Bc5 4. d4 (4. b4 $5 Bb6 5. b5 Na5 6. Nxe5
Qe7 7. d4 d6 8. Ba3 $14) 4... exd4 5. cxd4 Bb4+ 6. Bd2 (6. Nc3 d5 7. exd5 Qxd5
8. Bd2 Bxc3 9. bxc3 Nf6 10. Be2 $14) 6... Bxd2+ 7. Qxd2 d5 8. exd5 Nce7 $8 9.
Bb5+ Bd7 10. Bc4 Nf6 11. Nc3 $16) (3... d5 4. Qa4 f6 5. Bb5 Nge7 6. exd5 Qxd5
7. d4 e4 8. c4 {Upton-Martinez/Dubai olm/1986} Qd8 9. d5 $1 $16) (3... Nf6 4.
d4 Nxe4 5. d5 Nb8 6. Bd3 (6. Nxe5 Qe7 7. Qd4 d6 (7... Nd6 8. Be2 Nf5 9. Qf4 g6
10. Nd3 {Hickl-Pinter/Zagreb izt/1987} (10. Ng4 {Lukin-Faibisovich/Leningrad/
1987})) 8. Qxe4 Qxe5 9. Nd2 {Velimirovic-Hjartarsson/Szirak izt/1987} (9. Bd3
Be7 {Simon-Muhametov/Moscow B/1990} (9... Nd7 {Sveshnikov-Agzamov/URS-ch/1985})
)) 6... Nc5 7. Nxe5 Nxd3+ 8. Nxd3 d6 (8... Be7 9. Qg4 O-O 10. Bh6 Bf6 11. d6
Re8+ 12. Be3 Nc6 13. O-O Ne5 14. Qd1 Nxd3 15. Qxd3 Be5 $14 {Blau-Clarke/Lugano
ol/1968}) 9. O-O Be7 10. Qf3 (10. Nd2 {Jaeger-Staiger/2.BL/1989}) 10... O-O 11.
Nd2 (11. Be3 {Dueckstein-Korchnoi/Wien op/1986} Nd7 12. Bd4 Nf6 (12... Bf6 13.
Nd2 $6 Bxd4 14. cxd4 Nf6 15. h3 b6 $15 {Dueckstein-Zuidema/1972}) 13. h3 Bd7
14. c4 (14. Nd2 $5) (14. Nd2 $5) 14... c5 $1 15. Bc3 b5 $14 {
Dueckstein-Prameshuber/Krems /1967}) 11... Nd7 12. Nc4 (12. Re1 Nf6 13. h3 Bd7
$10 {Cohn-Schlechter/London/1899}) 12... Re8 13. Re1 Nf8 14. Bf4 a5 $10 {
Mnacakanjan-Moisejev/USSR /1968}) 4. d4 exd4 (4... d6 5. Bb5 exd4 6. cxd4 Bd7
7. Nc3 Nf6 8. O-O a6 9. Ba4 O-O 10. Re1 Bg4 {Kalashnikov-Karpov/Zlatoust/1963})
5. cxd4 d5 6. exd5 Nb4 7. Bb5+ Bd7 8. Bxd7+ Qxd7 9. O-O Nxd5 10. Ne5 Qd6 11.
Qg4 $36 Bf6 12. Nc3 Nge7 13. Ne4 Qe6 14. Qxe6 fxe6 15. Nc5 Nf5 16. Nxe6 Ke7 17.
Nf4 Nxf4 18. Bxf4 Nxd4 19. Rae1 Ne6 20. Bg3 Rhd8 21. Re3 Kf8 22. Ng4 Kf7 23.
Rfe1 Re8 24. Nxf6 (24. Ne5+ $36) 24... gxf6 25. Kf1 Rad8 26. f3 c5 27. Bf2 b6
28. Re4 Rd2 29. Rh4 Nf8 30. Rxe8 Kxe8 31. Re4+ Kf7 32. Re2 1/2-1/2